| 000 | 00614cam a2200217 a 4500 | ||
|---|---|---|---|
| 001 | 000008603 | ||
| 005 | 20200929161354.0 | ||
| 008 | 840629s1990 cu 000 0 spa | ||
| 040 |
_aDO-SdBNP _bspa _cLC _dBNPHU |
||
| 082 |
_a863.64 _bM183a |
||
| 100 | 1 |
_aMadrid, Juan, _d1947- _923031 |
|
| 245 | 1 | 4 |
_aLas apariencias no engañan / _cJuan Madrid. |
| 260 |
_aLa Habana : _bArte y Literatura, _c1990. |
||
| 300 |
_a204 p. ; _c19 cm. |
||
| 490 | 1 | _aDragon | |
| 650 | 4 |
_aNovela española _91123 |
|
| 650 | 4 |
_aLiteratura española _9632 |
|
| 830 | 0 |
_aDragon _923032 |
|
| 910 | _aCatalogación derivada | ||
| 049 | _aBNGR | ||
| 999 |
_c8373 _d8373 |
||